000 00596nam a2200241Ia 4500
003 OSt
005 20220924145443.0
006 a|||||r|||| 00| 0
007 ta
008 220923b |||||||| |||| 00| 0 tel d
020 _c50.00
024 _a328716
037 _cTextual
040 _aARTS
_cARTS
_btel
041 _2tel
_atel
082 _aL, 35N4.1-.10
100 _aRao Bala Sundar
_9219775
245 0 _aAushadha kanda
260 _c1994
650 _aMEDICINE
_94387
942 _hL, 35N4.1-.10
_cTEXL
_2CC
999 _c460132
_d460132